Регионална библиотека "Любен Каравелов" - Русе

Основни етапи в историята на икономическите теории (Запис номер 56099)

MARC детайли
000 -Лидер
Контролно поле с фиксирана дължина 01189nam a2200289 c 4500
003 - Код на организацията, давaща контролен номер
Контролно поле BLK
005 - Дата и час на последна редакция
Контролно поле 20180422101949.0
008 - Елементи от данни с фиксирана дължина
fixed length control field 180408b bul|||||r ||||||| ||bul||
010 ## - Наследен системен номер
LC control number KNG00060076000
020 ## - Международен стандартен номер на книга ISBN
Международен стандартен номер на книга ISBN 954-568-009-1
-- издат.: Люрен
040 ## - Източник на каталожния запис
Идентификатор на билиотеката - собственик на записа BLK
041 ## - Код за език
Код за езика на текст/звукозапис или на отделно заглавие Български
Код за езика КДБФ Български
080 ## - УДК
Текстов определител УДК Икономическа наука. Основни понятия на икономическата теория. Стойност. Капитал. Фондове
УДК код - определител по УДК 330.1
УДК определител (091)
УДК - код + определител 330.1(091)
100 1# - Редна дума - Автор
Автор Мечев, Стефан Апостолов
Авторска отговорност първи автор
R(LIN) 369261
139 ## - Редно поле
Редна дума Мечев, Стефан Апостолов
Авторски знак Меч - М 52
245 10 - Сведения за заглавието
Заглавие Основни етапи в историята на икономическите теории
Подзаглавни данни Изследване
Редно поле (дума) Стефан Апостолов Мечев.
257 ## - Страна на издаване
Страна на създаване/издаване България
260 ## - Област на издателските данни
-- София
Име на издателя, разпространителя и проч. Люрен
Година на издаване 1993
300 ## - Физическа характеристика
Страници 232 с.
Размери/Мащаб 24 см
380 ## - Жанр
Жанр Обществени науки
650 #4 - Допълнително описание по предмет – тема
Основно описание – тема или топоним Икономически учения - история
9 (RLIN) 241561
852 ## - Местоположение
Форматна сигнатура Цб 179480
856 4# - Електронен адрес и достъп
Електронен формат pdf - файл
Път до файла /url/
856 4# - Електронен адрес и достъп
Електронен формат pdf - файл
Път до файла /url/
942 ## - АРТИКУЛИ
Вид на библиотечния материал Книги
Скрит в OPAC Не
944 ## - СЪЗДАВАНЕ И РЕДАКЦИЯ на ЗАПИСА
Създаване/Редакция Създаване
Дата на регистрацията/редакция 13.06.2004
Служител, извършил регистрацията/редакцията Читалня
944 ## - СЪЗДАВАНЕ И РЕДАКЦИЯ на ЗАПИСА
Създаване/Редакция Редакция
Дата на регистрацията/редакция 27.08.2015
Служител, извършил регистрацията/редакцията Геновева_Генчева
999 ## - СИСТЕМНИ КОНТРОЛНИ НОМЕРА
Koha biblionumber 56099
Koha biblioitemnumber 56099
Наличности
Код за отписване Код за изгубен артикул Източник на класификационната схема Код за повреда Коз за рестрикции Код за отдаване Артикулен № Име на библиотеката - собственик Име на библиотеката, в която се намира в момента Статус (Текущо местоположение) Дата на вписване в системата Местоположение - отдел Цена в лева Инвентарен номер Систематично азбучна сигнатура Баркод Номер на екземпляра Цена в евро Служебна бележка Служебен тип на артикула
  Не е изгубен Universal Decimal Classification Не е повреден без рестрикции ползва се в читалня 88328 Регионална библиотека "Любен Каравелов" Русе Регионална библиотека "Любен Каравелов" Русе Читалня 1993-01-01 Читалня 4.00 607451 Ч 330/М 52 120000607451 1 2.05 Дост: Pk Вид: Ф N: стар фонд Дата: 01.01.1993 Дата инв: 22.03.2017 Бележки инв: Ч2017 Книги
  Не е изгубен Universal Decimal Classification Не е повреден без рестрикции ползва се в читалня 88329 Регионална библиотека "Любен Каравелов" Русе Регионална библиотека "Любен Каравелов" Русе Хранилище 1993-01-01 Хранилище 0.00 587009 Цб 179480 120000587009 2 0.00 Дост: Dp Вид: Д N: стар фонд Дата: 01.01.1993 Дата инв: 26.06.2015 Бележки инв: Цб2015 Книги
Vip Innovations Ltd, Rousse, Bulgaria 2025